Répertoire de l'art quaternaire / (Record no. 126089)

MARC details
000 -LEADER
campo de control de longitud fija 00516nam a2200181 4500
001 - NÚMERO DE CONTROL
campo de control 126089
003 - IDENTIFICADOR DE NÚMERO DE CONTROL
campo de control ES-MaACL
005 - FECHA Y HORA DE LA ÚLTIMA TRANSACCIÓN
campo de control 20250904063058.0
007 - CAMPO FIJO DE DESCRIPCIÓN FÍSICA--INFORMACIÓN GENERAL
campo de control de longitud fija t|
008 - DATOS DE LONGITUD FIJA--INFORMACIÓN GENERAL
campo de control de longitud fija 070214s1913 fr r ||||1| fre d
100 1# - ENTRADA PRINCIPAL--NOMBRE DE PERSONA
9 (RLIN) 242211
Nombre de persona Reinach, Salomon,
Fechas asociadas al nombre 1858-1932
Término indicativo de función/relación Autor
245 10 - MENCIÓN DEL TÍTULO
Título Répertoire de l'art quaternaire /
Mención de responsabilidad, etc. Salomon Reinach.
260 ## - PUBLICACIÓN, DISTRIBUCIÓN, ETC.
Lugar de publicación, distribución, etc. Paris :
Nombre del editor, distribuidor, etc. Ernest Leroux,
Fecha de publicación, distribución, etc. 1913.
300 ## - DESCRIPCIÓN FÍSICA
Extensión XXXVIII, 205 p., 95 lám. ;
Dimensiones 19 cm.
852 ## - LOCALIZACIÓN
Ubicación ES-MaACL
Número de control de estantería F-404
942 ## - ELEMENTOS DE ENTRADA SECUNDARIOS (KOHA)
Fuente del sistema de clasificación o colocación Clasificación decimal universal
Holdings
Estatus retirado Estado de pérdida Estado de daño No para préstamo Biblioteca de origen Biblioteca actual Ubicación en estantería Fecha de adquisición Fuente de adquisición Total de préstamos Signatura topográfica completa Código de barras Visto por última vez Precio de reemplazo Tipo de ítem Koha
        Biblioteca del Ateneo de Madrid Biblioteca del Ateneo de Madrid Depósito 2 17/01/2008     F-404 1131337 23/02/2023 23/02/2023 Libro impreso